Pro muže /

Uloženo v:
Hlavní autor: Rouček, Václav
Médium: Kniha
Jazyk:Czech
Vydáno: Brno : Nastole, 2026
Vydání:1. vydání
Celkem bylo vypůjčeno:0x
Tagy:
Žádné tagy
LEADER 00738nam a2200241 i 4500
001 106496
003 CZ PrNK
005 20260604172006.0
008 151013p2015 xr ||||| |||| 00| 0 cze d
020 |a 9788074487194  |q (vázáno) 
040 |e rda 
100 |a Rouček, Václav 
245 0 0 |a Pro muže /  |c Václav Rouček 
250 |a 1. vydání 
264 1 |a Brno :  |b Nastole,  |c 2026 
300 |a 189 stran 
336 |a text  |b txt  |2 rdacontent 
337 |a bez média  |b n  |2 rdamedia 
338 |a svazek  |b nc  |2 rdacarrier 
910 |a UOG502 
942 |2 ddc  |c KN 
999 |d 106496 
993 |0 0  |1 421180107216  |2 ddc  |4 0  |6 316_000000000000000  |7 0  |9 99940  |b 0  |c 107216  |d 2026-06-04  |e 0  |f DOSP  |g 316  |h 399.00  |i Koupě  |l DOSP  |r 2026-06-04  |t 5  |w 2026-06-04  |y KN  |z NAUCNA  |n